000 00684nam a2200217 i 4500
001 86750
003 ES-MaACL
005 20250826063137.0
007 t|
008 041215s1976 sp |||| | spa d
100 1 _aKavafis, Konstantinos.
_967664
245 1 0 _aPoesías completas /
_cKonstantino Kavafis ; traducción y notas de José Mª Alvarez.
260 _aPamplona :
_bPeralta ;
_aMadrid :
_bAyuso,
_c[1976]
300 _a235 p. ;
_c20 cm.
490 1 _aLibros (Peralta) ;
_v13
_9242040
700 0 _aAlvarez, José María,
_d1942-
_920651
830 0 _aLibros (Peralta) ;
_v13
_9242040
852 _aES-MaACL
_jA-6576
942 _2udc
999 _c86750
_d86750